Random graphs /
Guardado en:
| Autor Principal: | |
|---|---|
| Formato: | Libro |
| Idioma: | English |
| Publicado: |
London :
Orlando : Academic Press,
1985.
|
| Materias: | |
| Etiquetas: |
Agregar Etiqueta
Sin Etiquetas, Sea el primero en etiquetar este registro!
|
| LEADER | 01217pam a2200229 a 4500 | ||
|---|---|---|---|
| 001 | MAT.inmabb003163 | ||
| 008 | 850530s1985####enka#####b####001#0#eng## | ||
| 005 | 20130225110041.0 | ||
| 245 | 1 | 0 | |a Random graphs / |c Béla Bollobás. |
| 260 | |a London : |b Orlando : |b Academic Press, |c 1985. | ||
| 300 | |a xvi, 447 p. : |b il. ; |c 23 cm. | ||
| 504 | |a Bibliografía: p. 410-441. | ||
| 505 | 8 | |a Capítulos: 1. Probability theoretic preliminaries -- 2. Models of random graphs -- 3. The degree sequence -- 4. Small subgraphs -- 5. The evolution of random graphs : sparse components -- 6. The evolution of random graphs : the giant component -- 7. Connectivity and matchings -- 8. Long paths and cycles -- 9. The automorphism group -- 10. The diameter -- 11. Cliques, independent sets and colouring -- 12. Ramsey theory -- 13. Explicit constructions -- 14. Sequences, matrices and permutations -- 15. Sorting algorithms -- 16. Random graphs of small order. | |
| 510 | 4 | |a MR, |c 87f:05152 | |
| 020 | |a 0121117561 (pbk.) | ||
| 020 | |a 0121117553 | ||
| 100 | 1 | |a Bollobás, Béla. | |
| 650 | 0 | |a Random graphs. | |
| 084 | |a 05C80 (60C05) |2 msc2000 | ||
| 010 | |a 85013410 | ||
| 040 | |a DLC |c DLC |d DLC | ||
| 859 | |h 05 |i B692r |p A-5808 |b BIB. MATEMATICA | ||
